MARC

LEADER 00000nam0a2200000 4500
001 362157
005 20231102011448.0
035 |a (RuTPU)RU\TPU\retro\19503 
090 |a 362157 
100 |a 20210719d1980 km y0rusy50 ca 
101 0 |a rus 
102 |a RU 
105 |a a z 001zy 
200 1 |a Автоматизация и оптимизация контроля в производстве радиодеталей  |f В. А. Лопухин, В. С. Шафранский 
210 |a Ленинград  |c Энергия  |d 1980 
215 |a 158 с.  |c ил. 
225 1 |a Библиотека технолога радиоэлектронной аппаратуры  |v Вып. 22 
320 |a Библиогр.: с. 154-156 
606 1 |a Радиодетали  |x Производство  |x Технический контроль  |2 stltpush  |3 (RuTPU)RU\TPU\subj\22662  |9 47382 
610 1 |a автоматический контроль 
610 1 |a теоретические основы 
610 1 |a параметры 
610 1 |a оптимальные методы 
610 1 |a автоматы 
610 1 |a устройства управления 
610 1 |a измерительные цепи 
610 1 |a перспективные методы 
675 |a 621.396.69.002  |v 4 
700 1 |a Лопухин  |b В. А.  |g Владимир Алексеевич 
701 1 |a Шафранский  |b В. С.  |g Владимир Степанович 
801 1 |a RU  |b 63413507  |c 20210719 
942 |c BK